书目信息 |
| 题名: |
世界花园别墅风格
|
|
| 作者: | 徐方京 | |
| 分册: | ||
| 出版信息: | 上海 同济大学出版社 1998.11 |
|
| 页数: | 98页 | |
| 开本: | 16开 | |
| 丛书名: | ||
| 单 册: | ||
| 中图分类: | ||
| 科图分类: | ||
| 主题词: | 民用建筑--建筑设计 | |
| 电子资源: | ||
| ISBN: | 7-5608-1921-4 | |
| 000 | 00599nam0 2200205 45 | |
| 001 | 9909141780 | |
| 005 | 19990914174527.3 | |
| 010 | @a7-5608-1921-4@d68.00元 | |
| 100 | @a19990914d1998 km y0chiy0120 ea | |
| 101 | @achi | |
| 105 | @a z 000yy | |
| 200 | 1 | @a世界花园别墅风格@AShi Jie Hua Yuan Bie Shu Feng Ge@f徐方京,王瑜(美籍)@FXu Fang Jing,Wang Yu(Mei Ji) |
| 210 | @a上海@c同济大学出版社@d1998.11 | |
| 215 | @a98页@d16开 | |
| 606 | 0 | @a民用建筑@x建筑设计 |
| 690 | @v3 | |
| 690 | @aTU241.1 | |
| 701 | @a徐方京 | |
| 801 | @aCN@bPFTUser@c19990914 | |
| 905 | @f2@b40592-593@dTU241.1@eX344/1 | |
| 世界花园别墅风格/徐方京,王瑜(美籍).-上海:同济大学出版社,1998.11 |
| 98页;16开 |
| ISBN 7-5608-1921-4:68.00元 |
| ● |
| 相关链接 |
|
|
|
正题名:世界花园别墅风格
索取号:TU241.1/X344/1
 
预约/预借
| 序号 | 登录号 | 条形码 | 馆藏地/架位号 | 状态 | 备注 |
| 1 | 40592 | 200405926 | 建筑库101/101建筑库 59排2列5层/ [索取号:TU241.1/X344/1] | 在馆 | |
| 2 | 40593 | 200405935 | 建筑库101/101建筑库 64排6列3层/ [索取号:TU241.1/X344/1] | 在馆 | |
| 3 | 417487 | 204174874 | 建筑库101/101建筑库 64排6列3层/ [索取号:TU241.1/X344/1] | 在馆 |